| 000 | 00395nam a2200145 a 4500 | ||
|---|---|---|---|
| 005 | 20140412111308.0 | ||
| 008 | 050411s19uu xx 00 eng d | ||
| 020 | _a0-03-028032-X | ||
| 050 |
_aTR(GS 500 _bHOL |
||
| 245 | _aHolt Science: Health and Science. | ||
| 260 |
_bHolt, Rinehart and Winston, Inc, _c1989. |
||
| 300 | _aHS13 p. ; ill. | ||
| 650 |
_aScience _xActivities |
||
| 999 |
_c103814 _d103814 |
||